Michel Stempel-Handbuch: I. Teil (part I) (Record no. 3261)
[ view plain ]
| 000 -LEADER | |
|---|---|
| fixed length control field | 00344nam a22000977a 4500 |
| 008 - FIXED-LENGTH DATA ELEMENTS--GENERAL INFORMATION | |
| fixed length control field | 220103b ||||| |||| 00| 0 eng d |
| 100 ## - MAIN ENTRY--AUTHOR'S NAME | |
| Author's Name | Schwaneberger Verlag |
| 245 ## - TITLE STATEMENT | |
| Title | Michel Stempel-Handbuch: I. Teil (part I) |
| Remainder of title | Nachkilassische Stempel der Deut. Reichspost 1875-1900 |
| 260 ## - PUBLICATION, DISTRIBUTION, ETC. (IMPRINT) | |
| Place of publication, distribution, etc. | Munich, Germany |
| Name of publisher, distributor, etc. | Schwaneberger Verlag |
| Date of publication, distribution, etc. | 1981 |
| 700 ## - SECONDARY AUTHOR, EDITOR OR ILLUSTRATOR | |
| Personal Name | Salm, Karl |
No items available.